000 01204nmc a2200373 a 4500
003 AR-BaBNM
005 20251128202747.0
008 087019s1981 ||||||||||||||000 | spa||
040 _cAR-BaBNM
245 1 0 _aLa campaña del desierto y la tecnificación ganadera
250 _a1ª ed.
260 _aBuenos Aires
_bEudeba
_c1981
300 0 _a266 p.
_btablas, mapas, gráfs.
490 0 _aLucha de fronteras con el indio
500 0 _aContiene anexos y referencias bibliográficos
500 0 _aMereció el Primer Premio del "Concurso homenaje al Centenario de la Campaña del Desierto" organizado por la Secretaria de Estado de Ciencia y tecnología 1979
650 4 _aHISTORIA ARGENTINA
650 4 _aABORIGENES ARGENTINOS
650 4 _aHISTORIA GANADERA
650 4 _aZOOTECNIA
650 4 _aCRIA DEL GANADO
650 4 _aHISTORIA ECONOMICA
650 4 _aZANJA DE ALSINA
650 4 _aCONQUISTA DEL DESIERTO
651 4 _aArgentina
700 1 _aVedoya, Juan Carlos
700 1 _aCagliolo, Zulema G. de
700 1 _aLuchessi, Enrique
700 1 _aLuchessi, Cristina W. de
700 1 _aMauco, Ana M.
700 1 _aPérez, Daniel E.
942 _cBK
998 _cmariana
999 _c440
_d440